000 00296nam a22001337a 4500
008 170609b xxu||||| |||| 00| 0 eng d
020 _a9780520219113
041 _aeng
080 _22ND
_a94
100 _a18
101 _aSHH
245 _aTHE WESTERN WAY OF WAR
_cHANSON,V.D
942 _2udc
_cBK
999 _c16723
_d16723